00000000nam##2200000za#4500
0019.579558
003CaOODSP
00520210624190623
007cr |||||||||||
008150406|1995||||xxc|||||o    f|0| 0 eng|d
022 |a1488-5387
040 |aCaOODSP|beng
043 |an-cn---
0861 |aFs97-4/2333E-PDF
1101 |aCanada. |bDepartment of Fisheries and Oceans.
24510|aEvaluation of the 1994 sediment analyses from the Miramichi channel / |h[electronic resource]|cby V. Zitko.
260 |aSt. Andrews - New Brunswick : |bFisheries and Oceans Canada |c1995.
300 |a70p.|bfigs., references, tables
4901 |aCanadian manuscript report of fisheries and aquatic sciences|x1488-5387|vNo. 2333
500 |aOn t.p.: Biological Station, St. Andrews, New Brunswick. The catalogue number and ISSN for the print edition appear in the PDF version.
546 |a(Résumés en français)
590 |a14-09-Supp|b2014-04-23
7201 |aZitko, V.
830#0|aCanadian manuscript report of fisheries and aquatic sciences,|x1488-5387|vNo. 2333|w(CaOODSP)9.505211
85640|ahttp://publications.gc.ca|qPDF|s1998 KB|uhttps://publications.gc.ca/collections/collection_2014/mpo-dfo/Fs97-4-2333-eng.pdf|yNo. 2333